|
|
|
|
| LEADER |
00000nta a2200000 i 4500 |
| 001 |
dolg59401 |
| 005 |
20260114151322.0 |
| 008 |
260114suuuu hu o 000 hun d |
| 040 |
|
|
|a BGE Dolgozattár Repozitórium
|b hun
|
| 041 |
|
|
|a hu
|
| 100 |
1 |
|
|a Tislerics Donát
|
| 245 |
1 |
0 |
|a Vendégelégedettség mérése vendéglátó-ipari egységekben
|c Tislerics Donát
|h [elektronikus dokumentum]
|
| 516 |
|
|
|a Final_paper
|
| 695 |
|
|
|a Vendégelégedettség
|
| 695 |
|
|
|a Vendégelégedettség, mérés
|
| 700 |
1 |
|
|a Fekete-Frojimovics Dr. Zsófia
|e ths
|
| 856 |
4 |
0 |
|u http://dolgozattar.uni-bge.hu/59401/1/Tislerics-Donat.pdf
|z Dokumentum-elérés
|